[Event "EU-chT Seniors 09th"]
[Site "Dresden"]
[Date "2007.02.23"]
[Round "8"]
[White "Coll, Enriques Lluis"]
[Black "Alterman, Vladimir I"]
[Result "0-1"]
[WhiteElo "2197"]
[BlackElo "2350"]
[PlyCount "58"]
[EventDate "2007.02.16"]
[EventType "team-swiss"]
[EventRounds "9"]
[EventCountry "GER"]
[SourceTitle "CBM 117 Extra"]
[Source "ChessBase"]
[SourceDate "2007.05.09"]
[SourceVersion "1"]
[SourceVersionDate "2007.05.09"]
[SourceQuality "1"]

1. e4 c5 2. Nc3 Nc6 3. g3 g6 4. Bg2 Bg7 5. d3 e6 6. Be3 d6 7. Qd2 Rb8 8. f4 Nge7 9. Nge2 Nd4 10. 0-0 b5 11. g4 b4 12. Nd1 h5 13. h3 hxg4 14. hxg4 f5 15. c3 bxc3 16. bxc3 Nxe2+ 17. Qxe2 Qa5 18. exf5 gxf5 19. Bd2 c4 20. g5 cxd3 21. Qxd3 Ba6 22. c4 Qc5+ 23. Ne3 Bxa1 24. Rxa1 Rh5 25. Qc3 e5 26. fxe5 dxe5 27. Bd5 Qd4 28. Qxd4 exd4 29. Kg2 Rb2 0-1

[Event "EU-chT Seniors 09th"]
[Site "Dresden"]
[Date "2007.02.22"]
[Round "7"]
[White "Alterman, Vladimir I"]
[Black "Jentsch, Dieter"]
[Result "1-0"]
[WhiteElo "2350"]
[BlackElo "2176"]
[PlyCount "43"]
[EventDate "2007.02.16"]
[EventType "team-swiss"]
[EventRounds "9"]
[EventCountry "GER"]
[SourceTitle "CBM 117 Extra"]
[Source "ChessBase"]
[SourceDate "2007.05.09"]
[SourceVersion "1"]
[SourceVersionDate "2007.05.09"]
[SourceQuality "1"]

1. d4 d5 2. c4 dxc4 3. Nf3 Nf6 4. Nc3 a6 5. e3 e6 6. a4 c5 7. Bxc4 Nc6 8. 0-0 cxd4 9. exd4 Be7 10. Bg5 h6 11. Be3 0-0 12. Qe2 Qc7 13. h3 Bd6 14. Rfd1 Nb4 15. Rac1 Qa5 16. Ne5 Bd7 17. Qd2 Bc6 18. Bxh6 gxh6 19. Qxh6 Bd5 20. Bd3 Nxd3 21. Rxd3 Nh7 22. Rg3+ 1-0

[Event "ISR-chT"]
[Site "Israel"]
[Date "2003.03.21"]
[Round "7"]
[White "Alterman, Vladimir I"]
[Black "Haimovich, Tal"]
[Result "1/2-1/2"]
[WhiteElo "2353"]
[BlackElo "2316"]
[PlyCount "33"]
[EventDate "2003.01.??"]
[EventType "team-tourn"]
[EventRounds "11"]
[EventCountry "ISR"]
[SourceTitle "EXT 2004"]
[Source "ChessBase"]
[SourceDate "2003.11.25"]
[SourceVersion "1"]
[SourceVersionDate "2003.11.25"]
[SourceQuality "1"]

1. d4 Nf6 2. Nf3 d5 3. c4 e6 4. Nc3 Be7 5. Bg5 h6 6. Bh4 0-0 7. e3 b6 8. Qc2 Bb7 9. Rd1 Nbd7 10. Be2 Ne4 11. Bxe7 Qxe7 12. 0-0 Nxc3 13. Qxc3 c5 14. cxd5 Bxd5 15. Qa3 Rfd8 16. Rd2 Kf8 17. Rc1 1/2-1/2

[Event "Tel Aviv Cup rapid"]
[Site "Tel Aviv"]
[Date "1996.??.??"]
[Round "1"]
[White "Kogan, Artur"]
[Black "Alterman, Vladimir I"]
[Result "0-1"]
[WhiteElo "2485"]
[BlackElo "2390"]
[PlyCount "55"]
[EventDate "1996.??.??"]
[EventType "k.o. (rapid)"]
[EventRounds "6"]
[EventCountry "ISR"]
[SourceTitle "CBM 052 Extra"]
[Source "ChessBase"]
[SourceDate "1996.07.01"]
[SourceVersion "1"]
[SourceVersionDate "1996.07.01"]
[SourceQuality "1"]

1. e4 c5 2. Nf3 d6 3. d4 cxd4 4. Nxd4 Nf6 5. Nc3 g6 6. Bc4 Bg7 7. h3 Nc6 8. Be3 Bd7 9. 0-0 Rc8 10. Bb3 Ne5 11. Qe2 Rxc3 12. bxc3 Nxe4 13. Bd2 Nxd2 14. Qxd2 0-0 15. f4 Nc6 16. Kh1 e6 17. Rad1 d5 18. Nxc6 Bxc6 19. Qf2 Qa5 20. c4 d4 21. Qg3 Qc5 22. Rde1 Qa3 23. c5 Qxc5 24. a4 a5 25. Qd3 b5 26. Ra1 Rc8 27. Rfe1 b4 28. Re5 0-1

[Event "Biel MTO op"]
[Site "Biel"]
[Date "1994.??.??"]
[Round "6"]
[White "Allen, Andrew"]
[Black "Alterman, Vladimir I"]
[Result "0-1"]
[WhiteElo "2275"]
[BlackElo "2400"]
[PlyCount "79"]
[EventDate "1994.07.??"]
[EventType "swiss"]
[EventRounds "11"]
[EventCountry "SUI"]
[SourceTitle "TD"]
[Source "ChessBase"]
[SourceDate "1994.03.01"]
[SourceVersion "1"]
[SourceVersionDate "1994.03.01"]
[SourceQuality "1"]

1. d4 Nf6 2. Nf3 e6 3. c4 d5 4. Nc3 c6 5. e3 Nbd7 6. Qc2 Bd6 7. Be2 0-0 8. 0-0 Qe7 9. b3 Re8 10. h3 b6 11. Bb2 Bb7 12. Rad1 c5 13. Rfe1 Rac8 14. cxd5 exd5 15. Qf5 a6 16. Bd3 c4 17. bxc4 dxc4 18. Bb1 b5 19. e4 g6 20. Qg5 b4 21. e5 Bxf3 22. gxf3 bxc3 23. Bc1 Bb4 24. exf6 Qxe1+ 25. Rxe1 Rxe1+ 26. Kg2 Nxf6 27. Be3 Rxb1 28. Qxf6 c2 29. Qxa6 Re8 30. Bh6 Bf8 31. Bf4 c1Q 32. Bxc1 Rxc1 33. Qc6 Re6 34. Qc8 Rd6 35. a4 Rxd4 36. a5 c3 37. a6 Ra4 38. Qe6 Ra3 39. h4 c2 40. h5 0-1

[Event "Haifa"]
[Site "Haifa"]
[Date "1993.??.??"]
[Round "?"]
[White "Alterman, Boris"]
[Black "Alterman, Vladimir I"]
[Result "1-0"]
[WhiteElo "2600"]
[BlackElo "2405"]
[PlyCount "43"]
[EventDate "1993.??.??"]
[EventType "tourn"]
[EventRounds "7"]
[EventCountry "ISR"]
[EventCategory "12"]
[SourceTitle "EXT 2000"]
[Source "ChessBase"]
[SourceDate "1999.11.16"]
[SourceVersion "1"]
[SourceVersionDate "1999.11.16"]
[SourceQuality "1"]

1. d4 d5 2. c4 c6 3. Nf3 Nf6 4. Nc3 dxc4 5. a4 Na6 6. e4 Bg4 7. Bxc4 e6 8. Be3 Bb4 9. Qc2 Bxf3 10. gxf3 Qa5 11. Rg1 Kf8 12. Ke2 Be7 13. Qb3 Qb6 14. Qxb6 axb6 15. d5 exd5 16. exd5 Bd8 17. dxc6 bxc6 18. Ne4 Nb4 19. Nxf6 gxf6 20. Rad1 Ke8 21. Rg4 f5 22. Rf4 1-0

[Event "Haifa"]
[Site "Haifa"]
[Date "1993.??.??"]
[Round "?"]
[White "Tseitlin, Mark D"]
[Black "Alterman, Vladimir I"]
[Result "1-0"]
[WhiteElo "2460"]
[BlackElo "2405"]
[PlyCount "49"]
[EventDate "1993.??.??"]
[EventType "tourn"]
[EventRounds "7"]
[EventCountry "ISR"]
[EventCategory "12"]
[SourceTitle "EXT 2000"]
[Source "ChessBase"]
[SourceDate "1999.11.16"]
[SourceVersion "1"]
[SourceVersionDate "1999.11.16"]
[SourceQuality "1"]

1. e4 c5 2. Nf3 d6 3. d4 cxd4 4. Qxd4 Nf6 5. Nc3 a6 6. Bg5 Nc6 7. Qe3 e6 8. 0-0-0 h6 9. Bh4 Be7 10. h3 Qa5 11. Bc4 Bd7 12. Rhe1 Ne5 13. Bb3 Nxf3 14. gxf3 0-0-0 15. Bg3 Ne8 16. Rd3 h5 17. Red1 h4 18. Bf4 g5 19. Bh2 Rg8 20. e5 d5 21. Nxd5 exd5 22. Rxd5 Qc7 23. Rxd7 Rxd7 24. Rxd7 Qxd7 25. e6 1-0

[Event "ISR-ch"]
[Site "Rishon Le Ziyyon"]
[Date "1990.??.??"]
[Round "?"]
[White "Dudakov, Shaul"]
[Black "Alterman, Vladimir I"]
[Result "1/2-1/2"]
[WhiteElo "2225"]
[BlackElo "2380"]
[PlyCount "81"]
[EventDate "1990.05.06"]
[EventType "swiss"]
[EventRounds "11"]
[EventCountry "ISR"]
[SourceTitle "EXT 2004"]
[Source "ChessBase"]
[SourceDate "2003.11.25"]
[SourceVersion "1"]
[SourceVersionDate "2003.11.25"]
[SourceQuality "1"]

1. d4 d5 2. c4 c6 3. Nc3 Nf6 4. Nf3 e6 5. e3 Nbd7 6. Bd3 dxc4 7. Bxc4 b5 8. Bd3 Bb7 9. 0-0 a6 10. e4 b4 11. e5 bxc3 12. exf6 Nxf6 13. bxc3 Be7 14. Rb1 Ra7 15. Be3 0-0 16. Qe2 c5 17. Rfd1 Qc8 18. Ne5 Be4 19. Bxe4 Nxe4 20. Qc2 Nf6 21. Qa4 Nd5 22. Nc6 Rc7 23. Rb8 Qd7 24. Nxe7+ Qxe7 25. Rxf8+ Kxf8 26. Qxa6 c4 27. Rb1 f6 28. Bd2 Kf7 29. h3 Qd7 30. a4 h5 31. g3 Kg6 32. Rb8 Qe7 33. Kg2 Qd7 34. a5 Rc6 35. Qb5 Nc7 36. Qb1+ f5 37. Qb4 Qd5+ 38. f3 Na6 39. Qf8 Nxb8 40. Qe8+ Kh7 41. Qxh5+ 1/2-1/2

[Event "Tel Aviv"]
[Site "Tel Aviv"]
[Date "1987.??.??"]
[Round "?"]
[White "Alterman, Vladimir I"]
[Black "Blees, Albert"]
[Result "1/2-1/2"]
[WhiteElo "2350"]
[BlackElo "2345"]
[PlyCount "29"]
[EventDate "1987.??.??"]
[EventType "tourn"]
[EventRounds "11"]
[EventCountry "ISR"]
[EventCategory "5"]
[SourceTitle "EXT 1997"]
[Source "ChessBase"]
[SourceDate "1996.11.15"]
[SourceVersion "1"]
[SourceVersionDate "1996.11.15"]
[SourceQuality "1"]

1. d4 Nf6 2. c4 e6 3. Nc3 Bb4 4. e3 c5 5. Nge2 b6 6. a3 Ba5 7. Rb1 Qe7 8. Bd2 0-0 9. b4 cxb4 10. axb4 Bxb4 11. Rxb4 Qxb4 12. Nd5 Qa3 13. Bb4 Qb2 14. Bc3 Qa3 15. Bb4 1/2-1/2

[Event "Baden-Baden op"]
[Site "Baden-Baden"]
[Date "1987.??.??"]
[Round "5"]
[White "Alterman, Vladimir I"]
[Black "Mestrovic, Zvonimir"]
[Result "1/2-1/2"]
[WhiteElo "2320"]
[BlackElo "2420"]
[PlyCount "91"]
[EventDate "1987.07.??"]
[EventType "swiss"]
[EventRounds "9"]
[EventCountry "GER"]
[SourceTitle "TD"]
[Source "ChessBase"]
[SourceDate "1994.03.01"]
[SourceVersion "1"]
[SourceVersionDate "1994.03.01"]
[SourceQuality "1"]

1. d4 Nc6 2. c4 d6 3. Nc3 e5 4. Nf3 Bg4 5. d5 Nce7 6. e4 Ng6 7. h3 Bd7 8. Be3 Be7 9. b4 Nf6 10. c5 0-0 11. g3 a5 12. a3 axb4 13. axb4 Rxa1 14. Qxa1 Qa8 15. Qxa8 Rxa8 16. Kd2 dxc5 17. bxc5 Ra5 18. Bd3 Bxc5 19. Bxc5 Rxc5 20. Ra1 h6 21. Ra8+ Kh7 22. Ng1 b6 23. h4 Ra5 24. Rxa5 bxa5 25. Nge2 Ne7 26. f4 Ng4 27. Bb5 c6 28. Ba4 g5 29. fxg5 hxg5 30. hxg5 Kg6 31. Nc1 Kxg5 32. Nd3 f5 33. Nc5 cxd5 34. Bxd7 dxe4 35. Nb7 Nf6 36. Be6 Nc6 37. Nd6 Nd4 38. Bc8 a4 39. Nxa4 Kg4 40. Nc3 Kf3 41. Nxf5 e3+ 42. Nxe3 Nb3+ 43. Kc2 Kxe3 44. Kxb3 Kf3 45. Bb7+ Kxg3 46. Ne4+ 1/2-1/2

[Event "Baden-Baden op"]
[Site "Baden-Baden"]
[Date "1987.??.??"]
[Round "7"]
[White "Alterman, Vladimir I"]
[Black "Moser, Guenter"]
[Result "1-0"]
[WhiteElo "2350"]
[BlackElo "2320"]
[PlyCount "29"]
[EventDate "1987.07.??"]
[EventType "swiss"]
[EventRounds "9"]
[EventCountry "GER"]
[SourceTitle "TD"]
[Source "ChessBase"]
[SourceDate "1994.03.01"]
[SourceVersion "1"]
[SourceVersionDate "1994.03.01"]
[SourceQuality "1"]

1. d4 d5 2. c4 c6 3. Nf3 e6 4. g3 Nf6 5. Bg2 Be7 6. 0-0 0-0 7. Qc2 b6 8. Nbd2 Bb7 9. e4 dxe4 10. Nxe4 Nbd7 11. Nxf6+ Nxf6 12. Be3 Ng4 13. Bf4 c5 14. dxc5 Bxc5 15. Ng5 1-0

[Event "Tel Aviv"]
[Site "Tel Aviv"]
[Date "1987.??.??"]
[Round "?"]
[White "Elyoseph, Harel"]
[Black "Alterman, Vladimir I"]
[Result "1-0"]
[WhiteElo "2315"]
[BlackElo "2350"]
[PlyCount "101"]
[EventDate "1987.??.??"]
[EventType "tourn"]
[EventRounds "11"]
[EventCountry "ISR"]
[EventCategory "5"]
[SourceTitle "EXT 1997"]
[Source "ChessBase"]
[SourceDate "1996.11.15"]
[SourceVersion "1"]
[SourceVersionDate "1996.11.15"]
[SourceQuality "1"]

1. e4 c5 2. Nf3 Nc6 3. c3 e6 4. d4 d5 5. e5 Qb6 6. a3 a5 7. Bd3 Bd7 8. 0-0 cxd4 9. cxd4 Nxd4 10. Nxd4 Qxd4 11. Nc3 Qb6 12. Qg4 h5 13. Qf4 a4 14. Be3 Qa5 15. Rac1 Ne7 16. Rfd1 Bc6 17. h4 g6 18. Qf6 Rh7 19. Bg5 Ng8 20. Qf3 Be7 21. Qe2 Nh6 22. Nb5 Nf5 23. Bd2 Qb6 24. Nd6+ Kf8 25. Bxf5 gxf5 26. Bb4 Qd8 27. Rc3 Kg8 28. Rg3+ Kh8 29. Rd4 Qd7 30. Bc3 Rg8 31. Nxf5 Rxg3 32. Nxg3 Qd8 33. Nxh5 Bxh4 34. Nf6 Bxf6 35. exf6 Qf8 36. Qe5 Qg8 37. Rd3 Qf8 38. Rg3 d4 39. Bxd4 Rh4 40. Qg5 Rh7 41. Rg4 Qd8 42. Rg3 Be4 43. Rc3 Bc6 44. Qf4 Qe8 45. Rg3 Rh5 46. Rg5 Rh7 47. Rg7 Qf8 48. Qg5 Bb5 49. Be5 Be2 50. Bd6 Rxg7 51. fxg7+ 1-0

[Event "Tel Aviv"]
[Site "Tel Aviv"]
[Date "1987.??.??"]
[Round "?"]
[White "Gradstein, Mark"]
[Black "Alterman, Vladimir I"]
[Result "1/2-1/2"]
[WhiteElo "2290"]
[BlackElo "2350"]
[PlyCount "82"]
[EventDate "1987.??.??"]
[EventType "tourn"]
[EventRounds "11"]
[EventCountry "ISR"]
[EventCategory "5"]
[SourceTitle "EXT 1997"]
[Source "ChessBase"]
[SourceDate "1996.11.15"]
[SourceVersion "1"]
[SourceVersionDate "1996.11.15"]
[SourceQuality "1"]

1. e4 Nf6 2. e5 Nd5 3. d4 d6 4. Nf3 Bg4 5. Be2 e6 6. 0-0 Be7 7. h3 Bh5 8. c4 Nb6 9. Be3 0-0 10. Nc3 d5 11. b3 Nc6 12. c5 Nd7 13. b4 a6 14. Rb1 f6 15. exf6 Bxf6 16. b5 axb5 17. Rxb5 Na5 18. Qd2 c6 19. Rb4 b6 20. cxb6 Nxb6 21. Ng5 Bf7 22. Nxf7 Rxf7 23. Rfb1 Nbc4 24. Bxc4 Nxc4 25. Qe1 e5 26. dxe5 Bxe5 27. Bc5 Qf6 28. Ne4 Qf4 29. g3 Qf5 30. Ng5 Rff8 31. Bxf8 Rxf8 32. f4 Bd6 33. Rb7 Bc5+ 34. Kh1 Ne3 35. Qc3 d4 36. Qb3+ Nd5 37. Re1 d3 38. Re5 Qxe5 39. fxe5 Rf1+ 40. Kg2 Rf2+ 41. Kh1 Rf1+ 1/2-1/2

[Event "Baden-Baden op"]
[Site "Baden-Baden"]
[Date "1987.??.??"]
[Round "8"]
[White "Reeh, Oliver"]
[Black "Alterman, Vladimir I"]
[Result "1/2-1/2"]
[WhiteElo "2425"]
[BlackElo "2350"]
[PlyCount "64"]
[EventDate "1987.07.??"]
[EventType "swiss"]
[EventRounds "9"]
[EventCountry "GER"]
[SourceTitle "TD"]
[Source "ChessBase"]
[SourceDate "1994.03.01"]
[SourceVersion "1"]
[SourceVersionDate "1994.03.01"]
[SourceQuality "1"]

1. e4 c5 2. Nf3 d6 3. d4 cxd4 4. Nxd4 Nf6 5. Nc3 g6 6. Be3 Bg7 7. f3 Nc6 8. Qd2 0-0 9. Bc4 Qa5 10. 0-0-0 Nxd4 11. Bxd4 Be6 12. Bb3 Rfc8 13. Kb1 Rc6 14. h4 Bxb3 15. cxb3 b5 16. Bxf6 Bxf6 17. Nd5 Qxd2 18. Nxf6+ Kg7 19. Nh5+ gxh5 20. Rxd2 e6 21. Rc1 Rac8 22. Rxc6 Rxc6 23. a4 Kf6 24. axb5 Rb6 25. Rc2 Rxb5 26. Rc7 a5 27. Kc2 d5 28. exd5 Rxd5 29. Rc4 Re5 30. Kd2 Rd5+ 31. Kc2 Re5 32. Kd2 Rd5+ 1/2-1/2

[Event "ISR-ch"]
[Site "Israel"]
[Date "1986.??.??"]
[Round "?"]
[White "Afek, Yochanan"]
[Black "Alterman, Vladimir I"]
[Result "0-1"]
[WhiteElo "2285"]
[BlackElo "2370"]
[PlyCount "40"]
[EventDate "1986.??.??"]
[EventType "tourn"]
[EventRounds "15"]
[EventCountry "ISR"]
[EventCategory "6"]
[SourceTitle "CBM 001"]
[Source "ChessBase"]
[SourceDate "2004.01.01"]
[SourceVersion "1"]
[SourceVersionDate "2004.01.01"]
[SourceQuality "1"]

1. e4 c5 2. c3 d5 3. exd5 Qxd5 4. d4 e6 5. Nf3 Nf6 6. Be2 Qd8 7. 0-0 Nbd7 8. c4 Be7 9. Nc3 0-0 10. Bf4 cxd4 11. Qxd4 Bc5 12. Qd3 Qe7 13. Rfe1 b6 14. Bd1 Rd8 15. Bc7 Bxf2+ 16. Kxf2 Qc5+ 17. Nd4 Qxc7 18. Ncb5 Qxh2 19. Bf3 Nc5 20. Qc2 Bb7 0-1

[Event "ISR-ch"]
[Site "Israel"]
[Date "1986.??.??"]
[Round "?"]
[White "Alterman, Vladimir I"]
[Black "Manor, Ilan"]
[Result "1-0"]
[WhiteElo "2370"]
[BlackElo "2425"]
[PlyCount "77"]
[EventDate "1986.??.??"]
[EventType "tourn"]
[EventRounds "15"]
[EventCountry "ISR"]
[EventCategory "6"]
[SourceTitle "CBM 001"]
[Source "ChessBase"]
[SourceDate "2004.01.01"]
[SourceVersion "1"]
[SourceVersionDate "2004.01.01"]
[SourceQuality "1"]

1. d4 Nf6 2. c4 c5 3. d5 e6 4. Nc3 exd5 5. cxd5 d6 6. e4 g6 7. Bd3 Bg7 8. Nge2 0-0 9. 0-0 Na6 10. a3 Bd7 11. Rb1 Rc8 12. b3 Ng4 13. h3 Nf6 14. Be3 Re8 15. Qd2 Nc7 16. b4 c4 17. Bc2 Nb5 18. Nxb5 Bxb5 19. Nc3 Bd7 20. a4 Nh5 21. Bxa7 Qh4 22. Ne2 c3 23. Qd3 f5 24. f3 f4 25. Bf2 Qg5 26. Kh2 Be5 27. a5 Rf8 28. Nd4 Ng3 29. Ne6 Qh4 30. b5 g5 31. Kg1 h5 32. a6 b6 33. a7 g4 34. fxg4 hxg4 35. Bxg3 fxg3 36. Rxf8+ Rxf8 37. Nxf8 gxh3 38. a8Q hxg2 39. Ng6+ 1-0

[Event "ISR-ch"]
[Site "Israel"]
[Date "1986.??.??"]
[Round "?"]
[White "Kotliar, Mark"]
[Black "Alterman, Vladimir I"]
[Result "1/2-1/2"]
[WhiteElo "2305"]
[BlackElo "2370"]
[PlyCount "99"]
[EventDate "1986.??.??"]
[EventType "tourn"]
[EventRounds "15"]
[EventCountry "ISR"]
[EventCategory "6"]
[SourceTitle "CBM 001"]
[Source "ChessBase"]
[SourceDate "2004.01.01"]
[SourceVersion "1"]
[SourceVersionDate "2004.01.01"]
[SourceQuality "1"]

1. e4 c5 2. c3 d5 3. exd5 Qxd5 4. d4 Nf6 5. Nf3 e6 6. Na3 Qd8 7. Nc2 Nbd7 8. g3 b6 9. Bg2 Bb7 10. 0-0 Be7 11. Qe2 0-0 12. b3 Qc8 13. c4 Re8 14. Bb2 Bc6 15. Rad1 Qb7 16. Ne3 Bf8 17. Rfe1 a5 18. Rd2 a4 19. Red1 axb3 20. axb3 Ra2 21. Ne5 Bxg2 22. Nxg2 cxd4 23. Nxd7 Nxd7 24. Bxd4 Rxd2 25. Qxd2 Nc5 26. Qc3 Rd8 27. Qe3 e5 28. Qxe5 Qf3 29. Rf1 Qxb3 30. Bxc5 Bxc5 31. Nf4 Qxc4 32. Nh5 Qd4 33. Qg5 h6 34. Qc1 Qd2 35. Qb1 Re8 36. Qf5 Qg5 37. Qf3 Rd8 38. Nf4 Qf5 39. Rd1 Re8 40. Qc6 Qe4 41. Qd7 Qe7 42. Qf5 Qg5 43. Qd7 Qe7 44. Qf5 Qe4 45. Qd7 Ra8 46. Nd3 Qd4 47. Nxc5 Qxc5 48. Rb1 Rb8 49. Rb5 Qc4 50. Rxb6 1/2-1/2

[Event "ISR-ch"]
[Site "Israel"]
[Date "1986.??.??"]
[Round "?"]
[White "Rechlis, Gad"]
[Black "Alterman, Vladimir I"]
[Result "1-0"]
[WhiteElo "2415"]
[BlackElo "2370"]
[PlyCount "75"]
[EventDate "1986.??.??"]
[EventType "tourn"]
[EventRounds "15"]
[EventCountry "ISR"]
[EventCategory "6"]
[SourceTitle "CBM 001"]
[Source "ChessBase"]
[SourceDate "2004.01.01"]
[SourceVersion "1"]
[SourceVersionDate "2004.01.01"]
[SourceQuality "1"]

1. d4 Nf6 2. c4 g6 3. Nf3 Bg7 4. g3 d5 5. cxd5 Nxd5 6. Bg2 0-0 7. 0-0 Nb6 8. Nc3 Nc6 9. e3 h6 10. Ne1 e5 11. d5 Ne7 12. e4 f5 13. Nd3 c6 14. Nc5 cxd5 15. exd5 Kh7 16. a4 a5 17. d6 Nc6 18. Nb5 Rf6 19. Qb3 Nd7 20. Ne6 Qg8 21. Bd5 Qh8 22. Nbc7 Rb8 23. Bd2 Nd4 24. Nxd4 exd4 25. Ne6 Rxe6 26. Bxe6 Nc5 27. Qd5 Nxe6 28. d7 Bxd7 29. Qxd7 Nc5 30. Qb5 Ne4 31. Bxa5 Qg8 32. Rac1 Qe6 33. Rfe1 Rc8 34. Qxb7 Rxc1 35. Rxc1 Nd6 36. Qc6 Qe5 37. Bc7 Bf8 38. Bxd6 1-0

[Event "ISR-ch"]
[Site "Israel"]
[Date "1986.??.??"]
[Round "?"]
[White "Shvidler, Eliahu"]
[Black "Alterman, Vladimir I"]
[Result "1-0"]
[WhiteElo "2435"]
[BlackElo "2370"]
[PlyCount "60"]
[EventDate "1986.??.??"]
[EventType "tourn"]
[EventRounds "15"]
[EventCountry "ISR"]
[EventCategory "6"]
[SourceTitle "CBM 001"]
[Source "ChessBase"]
[SourceDate "2004.01.01"]
[SourceVersion "1"]
[SourceVersionDate "2004.01.01"]
[SourceQuality "1"]

1. d4 Nf6 2. Nf3 d5 3. c4 c6 4. Nc3 e6 5. Qb3 Ne4 6. Bf4 Qa5 7. e3 Nd7 8. Bd3 Be7 9. 0-0 g5 10. Bg3 Nxg3 11. fxg3 0-0 12. g4 Kg7 13. Rae1 Rb8 14. cxd5 cxd5 15. Bb1 Rh8 16. Rf2 b6 17. Ne2 Nf6 18. Ng3 Nxg4 19. Rc2 Bd6 20. Nf1 Bd7 21. Rcc1 Ba4 22. Qd3 Bb5 23. Qd1 Bxf1 24. Kxf1 Nxh2+ 25. Nxh2 Bxh2 26. Qh5 Bd6 27. Re2 Qb5 28. a4 Qxa4 29. Rf2 Qe8 30. Kg1 Qe7 1-0

[Event "MDA-ch"]
[Site "Moldova"]
[Date "1983.??.??"]
[Round "?"]
[White "Alterman, Vladimir I"]
[Black "Itkis, Boris"]
[Result "0-1"]
[WhiteElo "2375"]
[BlackElo "2300"]
[PlyCount "112"]
[EventDate "1983.03.??"]
[EventType "tourn"]
[EventRounds "13"]
[EventCountry "URS"]
[SourceTitle "EXT 2010"]
[Source "ChessBase"]
[SourceDate "2010.11.25"]
[SourceVersion "1"]
[SourceVersionDate "2010.11.25"]
[SourceQuality "1"]

1. c4 Nf6 2. Nc3 g6 3. e4 d6 4. d4 Bg7 5. Be2 0-0 6. Nf3 e5 7. 0-0 Nbd7 8. Be3 Re8 9. d5 Ng4 10. Bg5 f6 11. Bd2 Nh6 12. b4 Nf7 13. Qc2 f5 14. exf5 gxf5 15. Qxf5 e4 16. Ng5 Nxg5 17. Bxg5 Nf8 18. Qf4 Qd7 19. Qe3 Qf7 20. c5 Ng6 21. cxd6 cxd6 22. Rac1 Re5 23. Nb5 Qf8 24. Qg3 Bd7 25. f4 exf3 26. Rxf3 Rxe2 27. Rxf8+ Rxf8 28. Nc3 Bd4+ 29. Kh1 Rc2 30. Qd3 Rxc1+ 31. Bxc1 Bxc3 32. Be3 Bxb4 33. Bxa7 Ne5 34. Qg3+ Kh8 35. Kg1 Bb5 36. h3 Bd2 37. Bf2 Bf4 38. Qb3 Ba6 39. g3 Rg8 40. Kh2 Bh6 41. Qb4 Rf8 42. Bb6 Rf6 43. Qa4 Bg7 44. Be3 Rf8 45. Bf4 Rc8 46. h4 h6 47. Qa3 Rc2+ 48. Kg1 Kh7 49. Qe3 Re2 50. Qb3 Bc4 51. Qc3 b5 52. Bxe5 Bxe5 53. Qf3 Bd4+ 54. Kh1 Re1+ 55. Kg2 Bf1+ 56. Kh2 Re2+ 0-1

[Event "MDA-ch"]
[Site "Moldova"]
[Date "1979.??.??"]
[Round "?"]
[White "Alterman, Vladimir I"]
[Black "Itkis, Boris"]
[Result "1-0"]
[WhiteElo "2375"]
[BlackElo "2280"]
[PlyCount "99"]
[EventDate "1979.??.??"]
[EventType "tourn"]
[EventRounds "10"]
[EventCountry "URS"]
[SourceTitle "EXT 2002"]
[Source "ChessBase"]
[SourceDate "2001.11.25"]
[SourceVersion "1"]
[SourceVersionDate "2001.11.25"]
[SourceQuality "1"]

1. d4 Nf6 2. c4 g6 3. Nc3 d5 4. Bf4 Bg7 5. e3 0-0 6. Qb3 c5 7. dxc5 Na6 8. Qa3 d4 9. exd4 Qxd4 10. Be3 Qd8 11. Rd1 Qe8 12. h3 b6 13. cxb6 axb6 14. Nf3 Bb7 15. Be2 Nc5 16. Qb4 Nfe4 17. Nxe4 Bxe4 18. a3 Qc6 19. Bd4 Bxf3 20. gxf3 Rfd8 21. Bxg7 Rxd1+ 22. Kxd1 Kxg7 23. Qc3+ Kg8 24. Kc1 Qe6 25. Qe3 Qf5 26. Rd1 Rc8 27. b4 Na4 28. Qxe7 Kg7 29. Qd7 Nc3 30. Qd4+ Qf6 31. Qxf6+ Kxf6 32. Rd6+ Ke5 33. Rd2 Nxe2+ 34. Rxe2+ Kf4 35. Rc2 Kxf3 36. Kb2 g5 37. c5 bxc5 38. Rxc5 Rg8 39. Rf5+ Kg2 40. Rxf7 h5 41. b5 Kxh3 42. a4 h4 43. b6 Kg2 44. b7 h3 45. a5 Rh8 46. a6 h2 47. a7 h1Q 48. a8Q Kg1 49. Qa1+ Kg2 50. Qxh1+ 1-0